Экспериментальное исследование генерации мощного СВЧ-излучения в релятивистских карсинотронах миллиметрового диапазона; Письма в Журнал технической физики; Т. 11, вып. 9-16

Bibliographische Detailangaben
Parent link:Письма в Журнал технической физики/ Российская академия наук (РАН), Физико-технический институт им. А. Ф. Иоффе (ФТИ) ; Отделение общей физики и астрономии РАН.— , 1975-
Т. 11, вып. 9-16.— 1985.— С. 541-545
Weitere Verfasser: Быков Н. М., Коровин С. Д., Месяц Г. А. Геннадий Андреевич, Шпак В. Г., Яландин М. И.
Sprache:Russisch
Veröffentlicht: 1985
Schlagworte:
Format: Buchkapitel
KOHA link:https://koha.lib.tpu.ru/cgi-bin/koha/opac-detail.pl?biblionumber=451281

MARC

LEADER 00000naa2a2200000 4500
001 451281
005 20231101083515.0
035 |a (RuTPU)RU\TPU\prd\113728 
090 |a 451281 
100 |a 20110620a1985 k y0rusy50 ca 
101 0 |a rus 
102 |a RU 
200 1 |a Экспериментальное исследование генерации мощного СВЧ-излучения в релятивистских карсинотронах миллиметрового диапазона  |f Н. М. Быков [и др.] 
320 |a Библиогр.: с. 545 (8 назв.) 
461 0 |0 (RuTPU)RU\TPU\prd\486  |t Письма в Журнал технической физики  |f Российская академия наук (РАН), Физико-технический институт им. А. Ф. Иоффе (ФТИ) ; Отделение общей физики и астрономии РАН  |d 1975- 
463 0 |0 (RuTPU)RU\TPU\prd\102015  |t Т. 11, вып. 9-16  |v С. 541-545  |d 1985 
610 1 |a труды учёных ТПУ 
701 1 |a Быков  |b Н. М. 
701 1 |a Коровин  |b С. Д. 
701 1 |a Месяц  |b Г. А.  |c российский физик  |c академик, вице-президент РАН  |c выпускник Томского политехнического института  |f 1936-  |g Геннадий Андреевич  |2 stltpush  |3 (RuTPU)RU\TPU\pers\17099  |4 070 
701 1 |a Шпак  |b В. Г. 
701 1 |a Яландин  |b М. И. 
801 1 |a RU  |b 63413507  |c 20110620 
942 |c BK